| 000 | 00712nam a2200253Ia 4500 | ||
|---|---|---|---|
| 003 | OSt | ||
| 005 | 20220928105027.0 | ||
| 006 | a|||||r|||| 00| 0 | ||
| 007 | ta | ||
| 008 | 220927b |||||||| |||| 00| 0 eng d | ||
| 020 | _c895 | ||
| 024 | _a116195 | ||
| 037 |
_b113, 03/08/2012, Classic Book Service _cTextual |
||
| 040 |
_aSDCL _cSDCL _beng |
||
| 041 |
_2eng _aeng |
||
| 082 | _aQ8441, Q1 | ||
| 100 | _aGrewal J.S | ||
| 245 | 0 |
_aRecent debates in sikh studies _b An assesssment. |
|
| 260 |
_aNew Delhi _bManohar _c2011 |
||
| 300 |
_a324p _ccm. |
||
| 650 | _aHistory | ||
| 942 |
_hQ8441, Q1 _cTEXL _2CC |
||
| 999 |
_c729118 _d729118 |
||